K. J. Zülch, W. Kaufmann, K.-A. Hossmann, V. Hossmann: Brain and heart infarct II

Bibliographic Details
Main Author: Palát, Miroslav, 1927-2014 (Author)
Format: Article
Language:Slovak
Czech
Subjects:

MARC

LEADER 00000nab a2200000 a 4500
001 vtls000079777
003 SK-MaSNL
005 20260304222636.0
008 250422c1981 xo 0 slo
015 |a SNBRB19rr/mm-uuuuu 
035 |a CL0089878 
035 |a urn:nbn:sk:snk-ab7f6r 
035 |a (urnnbn)urn:nbn:sk:snk:ar-005d07 
035 |a (uuid)f141ddd3-50ae-4331-8baf-779f8f995b74 
040 |a SNKBUCL  |b slo  |c SNKBUCL  |e AACR2 
041 0 |a cze 
044 |a xo  |c SK 
080 |a 616.1  |2 1981 
100 1 |a Palát, Miroslav,  |d 1927-2014  |4 aut  |9 203087 
245 1 0 |a K. J. Zülch, W. Kaufmann, K.-A. Hossmann, V. Hossmann: Brain and heart infarct II  |c M. Palát 
650 0 7 |a infarkt myokardu  |2 snkbucl  |9 2496 
650 0 7 |a mozog  |2 snkbucl  |9 18594 
650 0 7 |a infarkt  |2 snkbucl  |9 989437 
655 7 |a články z novín a časopisov  |2 snkbucl  |9 267496 
773 0 |t Rehabilitácia  |g Roč. 14, č. 1 (1981), s. 56-57 
787 0 8 |i Rec.:  |a Zülch, K.J.  |t Brain and heart infarct II : Springer-Verlag, 1979 
850 |a Slovenská národná knižnica 
852 |a Slovenská národná knižnica 
954 |a odborná, vedecká literatúra cudzojazyčná (svetová)  |2 lita 
958 |a article7 
958 |a RK 
958 |a MI 
958 |a CZ 
958 |a OND 
958 |a EUIPO 
992 |a RBX 
999 |c 3164331  |d 3166261